San Sadurni de Noya, un nombre con repercusión /

por Oliveras, Alberto

Descripción Física: Il·lustracions
Colección: San Jorge, ; núm. 20 (octubre 1955), pàg 49-53
Idioma: Español

MARC

LEADER 00000naa a2200000 a 4500
003 Arxiu
005 20260324181152.0
008 160829s1955 spcaxx s spa c
040 |a AGDB 
100 |a Oliveras, Alberto  |9 29543 
245 1 0 |a San Sadurni de Noya, un nombre con repercusión /  |c por Alberto Oliveras 
300 |b Il·lustracions 
490 |a San Jorge,  |v núm. 20 (octubre 1955), pàg 49-53 
500 |a Fotografies: F. Català-Roca, Archivo Codorniu, J. Léonard 
650 0 |2 Arxiu  |9 22338  |a Cava 
651 0 |a Sant Sadurní d'Anoia  |9 50761 
700 1 |9 26722  |a Català-Roca, Francesc,  |d 1922-1998  |e fotografies 
700 1 |9 55136  |a Léonard, Jacques,  |d 1909-1995  |e fotografies 
773 |g Núm. 20 (octubre 1955), pàg 49-53  |t San Jorge. 
901 |a Arxiu 
942 |n 1  |2 udc  |c ART 
952 |0 0  |1 0  |4 0  |6 REV510  |7 1  |9 65283  |a Arxiu  |b Arxiu  |d 2023-02-14  |l 0  |o Rev-510  |r 2023-02-14 00:00:00  |w 2023-02-14  |y ARXIU  |z També disponible a Rev-524 
999 |c 83052  |d 83052